[Event "ESP-ch U18"]
[Site "Salobrena"]
[Date "2021.07.26"]
[Round "1"]
[White "Gutierrez Lupion, Daniel"]
[Black "Amador Garcia, Ismael"]
[Result "0-1"]
[WhiteElo "1777"]
[BlackElo "2222"]
[PlyCount "80"]
[EventDate "2021.07.26"]
[EventType "swiss"]
[EventRounds "9"]
[EventCountry "ESP"]
[SourceTitle "CBM 203 Extra"]
[Source "ChessBase"]
[SourceDate "2021.09.30"]
[SourceVersion "1"]
[SourceVersionDate "2021.09.30"]
[SourceQuality "1"]

1. e4 e5 2. Nf3 Nc6 3. Bc4 Nf6 4. d3 Bc5 5. c3 a6 6. Bb3 Ba7 7. Nbd2 d6 8. h3 Be6 9. Nf1 d5 10. Ng3 Qd6 11. 0-0 0-0-0 12. Qe2 h6 13. Bc2 Rhe8 14. b4 g5 15. a4 g4 16. hxg4 Bxg4 17. b5 Nb8 18. bxa6 Nxa6 19. Ba3 Bc5 20. Bxc5 Nxc5 21. Rfb1 h5 22. Nf5 Bxf5 23. exf5 d4 24. c4 e4 25. dxe4 d3 26. e5 dxe2 27. exd6 Rxd6 28. a5 c6 29. Ng5 Rd2 30. Nxf7 Re7 31. Ng5 Rxc2 32. a6 bxa6 33. Nf3 Kc7 34. Ra5 Rxc4 35. Ra3 Nd5 36. Ne1 Rd4 37. Raa1 Kd6 38. f3 Rf4 39. Kf2 Rxf5 40. Ra2 Ne4+ 0-1

[Event "ESP-ch U18"]
[Site "Salobrena"]
[Date "2020.08.21"]
[Round "8"]
[White "Fuentes Perez, Noe"]
[Black "Gutierrez Lupion, Daniel"]
[Result "1-0"]
[WhiteElo "2061"]
[BlackElo "1779"]
[PlyCount "75"]
[EventDate "2020.08.17"]
[EventType "swiss"]
[EventRounds "9"]
[EventCountry "ESP"]
[SourceTitle "CBM 197 Extra"]
[Source "ChessBase"]
[SourceDate "2020.09.30"]
[SourceVersion "1"]
[SourceVersionDate "2020.09.30"]
[SourceQuality "1"]

1. e4 c5 2. c3 d6 3. d4 cxd4 4. cxd4 Nf6 5. Nc3 a6 6. Bd3 b5 7. e5 dxe5 8. dxe5 Nfd7 9. e6 Ne5 10. exf7+ Nxf7 11. Nf3 e5 12. 0-0 Bd6 13. Be4 Ra7 14. Be3 Rd7 15. Bf5 Rb7 16. Bxc8 Qxc8 17. Ne4 Rd7 18. Rc1 Qb7 19. Nxd6+ Rxd6 20. Qe2 Nd7 21. Rc2 0-0 22. Rfc1 Qe4 23. Rc7 Nb6 24. Nd2 Qf5 25. Bc5 Nd5 26. Rxf7 Rxf7 27. Bxd6 Nf4 28. Qe4 g6 29. Qxe5 Qxe5 30. Rc8+ Kg7 31. Bxe5+ Kh6 32. Bxf4+ Rxf4 33. g3 Rd4 34. Nf3 Rd1+ 35. Kg2 Rb1 36. Rc2 Kg7 37. b3 Rd1 38. Rc7+ 1-0

[Event "ESP-ch U18"]
[Site "Salobrena"]
[Date "2020.08.17"]
[Round "1"]
[White "Gutierrez Lupion, Daniel"]
[Black "Fernandez Garcia, Gumersindo"]
[Result "0-1"]
[WhiteElo "1779"]
[BlackElo "2126"]
[PlyCount "82"]
[EventDate "2020.08.17"]
[EventType "swiss"]
[EventRounds "9"]
[EventCountry "ESP"]
[SourceTitle "CBM 197 Extra"]
[Source "ChessBase"]
[SourceDate "2020.09.30"]
[SourceVersion "1"]
[SourceVersionDate "2020.09.30"]
[SourceQuality "1"]

1. e4 c5 2. Nc3 g6 3. d4 Bg7 4. Nf3 cxd4 5. Nxd4 Nc6 6. Be3 Nf6 7. Bc4 0-0 8. Qd2 d6 9. 0-0-0 Ng4 10. Nxc6 bxc6 11. Bg5 Rb8 12. f3 Ne5 13. Bb3 Re8 14. f4 Nd7 15. g4 Nc5 16. Bc4 Bxg4 17. Rdf1 Qa5 18. Rhg1 Rxb2 19. e5 Reb8 20. Qe3 Bf5 21. Rg2 d5 22. Bxe7 Qxc3 23. Qxc3 Rb1+ 24. Kd2 Ne4+ 25. Kd3 Nxc3+ 26. Kxc3 dxc4 27. Rxb1 Rxb1 28. Kxc4 Rf1 29. Rd2 Rxf4+ 30. Kc5 h6 31. Kxc6 Bxe5 32. Kb7 Ra4 33. a3 Be4+ 34. Kc8 Rc4+ 35. Kd7 Bf5+ 36. Ke8 Rc8+ 37. Bd8 Bf6 38. c4 Rxd8+ 39. Rxd8 Bxd8 40. Kxd8 Be4 41. Kd7 f5 0-1

[Event "Gibraltar U16 op"]
[Site "Caleta"]
[Date "2019.08.18"]
[Round "5"]
[White "Gutierrez Lupion, Daniel"]
[Black "Cuellar Montes, Alejandro"]
[Result "1/2-1/2"]
[WhiteElo "1811"]
[BlackElo "2143"]
[PlyCount "76"]
[EventDate "2019.08.16"]
[EventType "swiss"]
[EventRounds "6"]
[EventCountry "GGB"]
[SourceTitle "CBM 195 Extra"]
[Source "ChessBase"]
[SourceDate "2020.05.31"]
[SourceVersion "1"]
[SourceVersionDate "2020.05.31"]
[SourceQuality "1"]

1. e4 d6 2. d4 Nf6 3. Nc3 Nbd7 4. f4 e5 5. Nf3 exd4 6. Nxd4 g6 7. Bc4 Bg7 8. 0-0 0-0 9. Nf3 Nc5 10. e5 dxe5 11. Qxd8 Rxd8 12. fxe5 Ng4 13. Ng5 Be6 14. Bxe6 fxe6 15. Bf4 Nxe5 16. Rae1 Ng4 17. h3 Bd4+ 18. Kh1 e5 19. Bg3 Ne3 20. Rf3 Nxc2 21. Re2 Nb4 22. Bxe5 Nc6 23. Bxc7 Rd7 24. Bg3 Bg7 25. Rfe3 Rf8 26. Re8 Nd4 27. Rxf8+ Bxf8 28. Rd2 Nf5 29. Bf4 Rxd2 30. Bxd2 Nd3 31. g4 Nh4 32. Nce4 Bg7 33. b3 Be5 34. Bc3 Bxc3 35. Nxc3 Nc5 36. Kh2 h6 37. Nge4 Nxe4 38. Nxe4 Nf3+ 1/2-1/2

[Event "Gibraltar U16 op"]
[Site "Caleta"]
[Date "2019.08.17"]
[Round "3"]
[White "Gutierrez Lupion, Daniel"]
[Black "Cesar Maestre, Bernardo"]
[Result "0-1"]
[WhiteElo "1811"]
[BlackElo "2084"]
[PlyCount "54"]
[EventDate "2019.08.16"]
[EventType "swiss"]
[EventRounds "6"]
[EventCountry "GGB"]
[SourceTitle "CBM 195 Extra"]
[Source "ChessBase"]
[SourceDate "2020.05.31"]
[SourceVersion "1"]
[SourceVersionDate "2020.05.31"]
[SourceQuality "1"]

1. e4 c5 2. Nc3 Nc6 3. f4 g6 4. Nf3 Bg7 5. Bb5 Nd4 6. 0-0 a6 7. Bc4 e6 8. d3 Ne7 9. Bb3 d5 10. Nxd4 cxd4 11. Ne2 dxe4 12. dxe4 0-0 13. Ng3 b5 14. Qg4 Nc6 15. f5 exf5 16. exf5 Na5 17. Bg5 Qd7 18. Qh4 Nxb3 19. f6 Bh8 20. axb3 Qd5 21. Rad1 Bb7 22. Rd2 Rfe8 23. Qh6 d3 24. h3 Re2 25. Rf2 Rxf2 26. Rxf2 dxc2 27. Rxc2 Qd1+ 0-1

[Event "Malaga-ch"]
[Site "Malaga"]
[Date "2019.02.24"]
[Round "6.10"]
[White "Gutierrez Lupion, Daniel"]
[Black "Gutierrez Lupion, Nuria"]
[Result "1/2-1/2"]
[WhiteElo "1803"]
[BlackElo "1555"]
[PlyCount "36"]
[EventDate "2019.02.09"]
[EventType "swiss"]
[EventRounds "7"]
[EventCountry "ESP"]
[SourceTitle "EXT 2024"]
[Source "ChessBase"]
[SourceDate "2023.10.10"]
[SourceVersion "1"]
[SourceVersionDate "2023.10.10"]
[SourceQuality "1"]

1. e4 c5 2. Nf3 d6 3. d4 cxd4 4. Nxd4 Nf6 5. Nc3 a6 6. f3 e5 7. Nb3 Be6 8. Be3 Nbd7 9. Qd2 b5 10. 0-0-0 Nb6 11. Qf2 Nc4 12. Bg5 h6 13. Bh4 Rc8 14. Bg3 Nh5 15. Bh4 Nf6 16. Bg3 Nh5 17. Bh4 Nf6 18. Bg3 Nh5 1/2-1/2

[Event "Malaga-ch"]
[Site "Malaga"]
[Date "2019.02.24"]
[Round "7.9"]
[White "Picon Vega, Francisco"]
[Black "Gutierrez Lupion, Daniel"]
[Result "1/2-1/2"]
[WhiteElo "1818"]
[BlackElo "1803"]
[PlyCount "52"]
[EventDate "2019.02.09"]
[EventType "swiss"]
[EventRounds "7"]
[EventCountry "ESP"]
[SourceTitle "EXT 2024"]
[Source "ChessBase"]
[SourceDate "2023.10.10"]
[SourceVersion "1"]
[SourceVersionDate "2023.10.10"]
[SourceQuality "1"]

1. d4 Nf6 2. Nf3 e6 3. e3 c5 4. c3 cxd4 5. exd4 Bd6 6. Bd3 Bc7 7. Qe2 0-0 8. 0-0 b6 9. Bg5 Bb7 10. Nbd2 d6 11. Rfe1 Nbd7 12. Ne4 Re8 13. Qc2 h6 14. Bh4 Rc8 15. Rad1 Bb8 16. h3 a6 17. a3 b5 18. Nh2 Bxe4 19. Bxe4 Qc7 20. Bd3 Qb7 21. Nf3 Ba7 22. Bg3 Bb8 23. Bh4 Ba7 24. Bg3 Bb8 25. Bh4 Ba7 26. Bg3 Bb8 1/2-1/2

[Event "Gibraltar U16 op"]
[Site "Caleta"]
[Date "2017.08.20"]
[Round "4"]
[White "Gutierrez Lupion, Daniel"]
[Black "Cuellar Montes, Alejandro"]
[Result "0-1"]
[WhiteElo "1617"]
[BlackElo "1916"]
[PlyCount "154"]
[EventDate "2017.08.18"]
[EventType "swiss"]
[EventRounds "6"]
[EventCountry "GGB"]
[SourceTitle "CBM 180 Extra"]
[Source "ChessBase"]
[SourceDate "2017.10.06"]
[SourceVersion "1"]
[SourceVersionDate "2017.10.06"]
[SourceQuality "1"]

1. e4 e5 2. Nf3 Nc6 3. Bc4 Bc5 4. c3 Nf6 5. d4 exd4 6. cxd4 Bb4+ 7. Nc3 Nxe4 8. 0-0 Bxc3 9. d5 Ne5 10. bxc3 Nxc4 11. Qd4 0-0 12. Qxe4 Nd6 13. Qg4 Qf6 14. Be3 Qg6 15. Qf4 Qe4 16. Qxe4 Nxe4 17. c4 b6 18. Rfe1 Nd6 19. c5 Nf5 20. Bf4 bxc5 21. Bxc7 Bb7 22. Ne5 Bxd5 23. Nxd7 Rfc8 24. Ba5 Be6 25. Ne5 Nd4 26. Red1 Rab8 27. Rd2 f6 28. Nd3 Bf7 29. Rc1 Re8 30. Kf1 c4 31. Nb2 Nc6 32. Bc3 Nb4 33. Bxb4 Rxb4 34. Rdc2 Bg6 35. Rd2 Reb8 36. Nxc4 Rc8 37. Ke1 Rbxc4 38. Rxc4 Rxc4 39. Rd8+ Kf7 40. Rd7+ Kf8 41. Rxa7 Bc2 42. Ra8+ Kf7 43. Rb8 Ra4 44. Rb7+ Kg6 45. Rb2 Be4 46. f3 Bd5 47. Rb5 Bxa2 48. Kf2 Bc4 49. Rb7 Ra2+ 50. Kg1 Be6 51. Rc7 f5 52. Rc6 Kf6 53. Rc7 Rd2 54. Rb7 h6 55. Rb4 g5 56. h3 h5 57. Ra4 Rc2 58. Ra3 Rb2 59. Ra4 Ke5 60. Kh2 h4 61. Kg1 Rc2 62. Kh2 Bc4 63. Ra5+ Kf4 64. Ra4 Ke3 65. Ra3+ Bd3 66. Ra1 Kf2 67. Ra5 Rb2 68. Rc5 Rb5 69. Rc1 Re5 70. Ra1 Bf1 71. Ra2+ Re2 72. Ra5 Bxg2 73. Rxf5 Bxf3 74. Rxg5 Kf1+ 75. Rg2 Rxg2+ 76. Kh1 Rg1+ 77. Kh2 Rh1# 0-1

[Event "Andalucia-ch U12"]
[Site "Huelva"]
[Date "2014.04.25"]
[Round "4.5"]
[White "Torres Ventosa, Angel Javier"]
[Black "Gutierrez Lupion, Daniel"]
[Result "1-0"]
[WhiteElo "1703"]
[BlackElo "1179"]
[PlyCount "42"]
[EventDate "2014.04.25"]
[EventType "swiss"]
[EventRounds "9"]
[EventCountry "ESP"]
[SourceTitle "EXT 2024"]
[Source "ChessBase"]
[SourceDate "2023.10.10"]
[SourceVersion "1"]
[SourceVersionDate "2023.10.10"]
[SourceQuality "1"]

1. c4 c6 2. e4 d5 3. cxd5 cxd5 4. exd5 Qxd5 5. Nc3 Qf5 6. Nf3 Nf6 7. d4 e6 8. Bc4 Bb4 9. 0-0 0-0 10. Qb3 Bxc3 11. bxc3 Nc6 12. Ba3 Rd8 13. Rad1 a5 14. Qb5 Qg6 15. Ne5 Qe4 16. Rfe1 Qf4 17. Nxc6 bxc6 18. Qe5 Qh4 19. Be7 Re8 20. Bxf6 Qxf6 21. Qxf6 gxf6 1-0